01592nam a2200217Ia 4500952010800000999001700108008004100125020001500166050002200181245008900203250001900292260009100311300001900402500004700421505072500468519004501193650005901238700003901297700003101336942000701367 00104070a11b11d2008-02-14l2oBD232 V34 2001p11 006920r2016-10-31s2016-10-31t1w2012-06-26yLB c71773d71773200215b2001 mx |||| |||| 00| 0 spa d a9682321018 aBD232 bV34 2001 aLos valores humanos en México c/ coordinadores: Juliana, González y Josu, Landa a2a. edición  aMéxico b: siglo xxi editores: Universidad Nacional Autónoma de México c, 2001  a289 páginas  aIncluye: Índice, Prólogo (pp. 7 - 9)  aLos valores sociales: entre lo público y lo privado Valores éticos y valores humanos (en torno a la ontología del valor) La educación moral en México La doble moral y la lógica del género México en 1994: los síntomas de una crisis moral Ética y política Donde lo relativo se vuelve absoluto (de la moral pública a fin de siglo) Derechos humanos y democracia moderna Reflexiones -¿intempestivas? - sobre la igualdad y la desigualdad Los valores tutelados por el derecho Los derechos indígenas: nuevo enfoque del sistema internacional Periodismo: la ética elástica (la ética y los valores en el periodismo) ¿Crisis del Estado-nación? Los valores políticos  aMaterial Complementario / d(11 006920)  0aVALORES vDISCURSOS, ENSAYOS, CONFERENCIAS zMÉXICO  aGonzález, Juliana ecoordinador  aLanda, Josu ecoordinador  cLB